UK Counties by Any 3 Letters Quiz Stats

 Plays Quiz Updated Oct 19, 2019

Score 0/154 Timer 08:00
9 Plays Today
% Correct
EnglandNorthamptonshire
97.4%
EnglandNorth Yorkshire
97.3%
EnglandNorth East Lincolnshire
97.3%
ScotlandNorth Lanarkshire
97.3%
EnglandEast Riding of Yorkshire
97%
EnglandCheshire West and Chester
97%
EnglandNorth Lincolnshire
97%
EnglandWest Yorkshire
96.9%
ScotlandNorth Ayrshire
96.9%
EnglandSouth Yorkshire
96.8%
ScotlandSouth Lanarkshire
96.5%
ScotlandWest Dunbartonshire
96.5%
EnglandBath and North East Somerset
96.3%
EnglandSouth Gloucestershire
96.2%
EnglandWest Berkshire
96.2%
EnglandNorthumberland
95.9%
EnglandCheshire East
95.8%
ScotlandEast Dunbartonshire
95.8%
ScotlandEast Ayrshire
95.7%
ScotlandAberdeenshire
95.4%
ScotlandSouth Ayrshire
95.4%
EnglandCambridgeshire
95.2%
EnglandNottinghamshire
95.1%
EnglandWest Midlands
95%
Northern IrelandMid and East Antrim
95%
ScotlandEast Renfrewshire
95%
WalesCarmarthenshire
94.9%
EnglandNorth Somerset
94.6%
EnglandBuckinghamshire
94.6%
ScotlandClackmannanshire
94%
EnglandLancashire
93.9%
EnglandSouthampton
93.8%
EnglandGreater London
93.7%
EnglandWest Sussex
93.5%
EnglandLeicestershire
93.4%
EnglandDerbyshire
93.2%
Northern IrelandDerry and Strabane
93.1%
EnglandLincolnshire
92.9%
EnglandHerefordshire
92.8%
EnglandGloucestershire
92.8%
EnglandOxfordshire
92.8%
EnglandHampshire
92.8%
EnglandHertfordshire
92.7%
WalesFlintshire
92.7%
EnglandEast Sussex
92.5%
EnglandRedcar and Cleveland
92.4%
EnglandGreater Manchester
92.1%
EnglandWorcestershire
92.1%
EnglandCentral Bedfordshire
91.8%
EnglandSouthend-on-Sea
91.4%
EnglandNorfolk
91.3%
EnglandStaffordshire
91.2%
% Correct
EnglandWarwickshire
91.2%
Northern IrelandNewry, Mourne and Down
90.6%
EnglandWiltshire
90.2%
EnglandShropshire
90.1%
ScotlandWest Lothian
90%
WalesMonmouthshire
89.4%
WalesPembrokeshire
89.1%
ScotlandShetland
88.2%
EnglandBrighton and Hove
88.1%
WalesDenbighshire
87.7%
ScotlandEast Lothian
87.5%
ScotlandRenfrewshire
87.3%
ScotlandArgyll and Bute
86.7%
EnglandNottingham
86.5%
ScotlandHighland
86.4%
EnglandRutland
86.2%
Northern IrelandCauseway Coast and Glens
85.5%
EnglandCounty Durham
82.8%
EnglandDarlington
82.6%
ScotlandScottish Borders
82.2%
EnglandWokingham
82%
EnglandTelford and Wrekin
81.8%
ScotlandPerth and Kinross
80.4%
ScotlandAberdeen
80%
ScotlandDumfries and Galloway
79.3%
Northern IrelandMid Ulster
78.6%
EnglandCornwall
78.6%
EnglandWarrington
78.4%
EnglandWindsor and Maidenhead
78.3%
EnglandLeicester
78.1%
EnglandTyne and Wear
76.9%
WalesWrexham
76.6%
EnglandBristol
76.2%
ScotlandStirling
75.5%
Northern IrelandFermanagh and Omagh
75.2%
EnglandCumbria
74.7%
EnglandStockton-on-Tees
74.5%
WalesCardiff
74.3%
EnglandSomerset
73.4%
WalesBridgend
72.8%
WalesNewport
71.9%
WalesVale of Glamorgan
71.8%
EnglandPeterborough
70.9%
EnglandDerby
68.7%
EnglandEssex
68.3%
EnglandMilton Keynes
67.9%
EnglandBracknell Forest
67.8%
EnglandMiddlesbrough
67.7%
EnglandBedford
67.6%
EnglandPortsmouth
65.6%
ScotlandEdinburgh
65.3%
EnglandHalton
65.2%
% Correct
EnglandStoke on Trent
64.8%
EnglandLuton
64.7%
ScotlandMidlothian
63.8%
EnglandBlackburn with Darwen
63.4%
WalesCeredigion
63.4%
EnglandYork
62.5%
ScotlandGlasgow
62.3%
WalesNeath Port Talbot
62%
EnglandDevon
60.2%
EnglandDorset
59.9%
EnglandIsles of Scilly
59.7%
EnglandReading
59.6%
Northern IrelandBelfast
59.6%
EnglandSwindon
59.2%
EnglandKent
58.9%
EnglandMerseyside
58.7%
WalesBlaenau Gwent
58.6%
EnglandIsle of Wight
58%
EnglandBlackpool
57.4%
WalesSwansea
57.4%
EnglandBournemouth, Christchurch and Poole
56.7%
EnglandPlymouth
56%
ScotlandDundee
54.9%
EnglandHartlepool
54.2%
EnglandSuffolk
52.6%
WalesMerthyr Tydfil
52.5%
WalesAnglesey
48.4%
Northern IrelandArmagh, Banbridge and Craigavon
46.1%
Northern IrelandLisburn and Castlereagh
44.6%
ScotlandAngus
39.3%
EnglandSurrey
39.3%
Northern IrelandAntrim and Newtownabbey
39%
EnglandSlough
38.6%
WalesCaerphilly
37.4%
ScotlandInverclyde
35.4%
ScotlandOrkney
34.8%
WalesRhondda Cynon Taf
32.2%
ScotlandMoray
30%
WalesConwy
29.2%
ScotlandNa h-Eileanan Siar
28.5%
EnglandHull
26.8%
EnglandTorbay
26.5%
WalesTorfaen
25.2%
EnglandMedway
24.8%
EnglandThurrock
22.2%
ScotlandFalkirk
20.7%
WalesPowys
20%
WalesGwynedd
19.7%
Northern IrelandArds and North Down
19.1%
ScotlandFife
17.8%

You're not logged in!

Compare scores with friends on all Sporcle quizzes.
OR
Log In

Sporcle TV

Today on Sporcle TV


Watch our educational content, quiz creation guides, and fun videos on Sporcle TV.

Show Comments

Extras

Top Quizzes Today


Score Distribution

Your Account Isn't Verified!

In order to create a playlist on Sporcle, you need to verify the email address you used during registration. Go to your Sporcle Settings to finish the process.

Report this User

Report this user for behavior that violates our Community Guidelines.

Details: